<?xml version="1.0" encoding="UTF-8"?>
<record
    xmlns:xsi="http://www.w3.org/2001/XMLSchema-instance"
    xsi:schemaLocation="http://www.loc.gov/MARC21/slim http://www.loc.gov/standards/marcxml/schema/MARC21slim.xsd"
    xmlns="http://www.loc.gov/MARC21/slim">

  <leader>00536nam a22001937a 4500</leader>
  <controlfield tag="005">20240522154746.0</controlfield>
  <datafield tag="010" ind1=" " ind2=" ">
    <subfield code="a">ENG-140495</subfield>
  </datafield>
  <datafield tag="020" ind1=" " ind2=" ">
    <subfield code="a">9788171772766</subfield>
    <subfield code="c">1500.00</subfield>
  </datafield>
  <datafield tag="035" ind1=" " ind2=" ">
    <subfield code="a">EN-124027</subfield>
  </datafield>
  <datafield tag="037" ind1=" " ind2=" ">
    <subfield code="b">DBAD</subfield>
  </datafield>
  <datafield tag="082" ind1=" " ind2=" ">
    <subfield code="a">346.043</subfield>
  </datafield>
  <datafield tag="100" ind1=" " ind2=" ">
    <subfield code="a">Das, M. N.</subfield>
    <subfield code="9">66775</subfield>
  </datafield>
  <datafield tag="245" ind1=" " ind2=" ">
    <subfield code="a">Laws Relating To Partition/</subfield>
  </datafield>
  <datafield tag="250" ind1=" " ind2=" ">
    <subfield code="a">Seventh </subfield>
  </datafield>
  <datafield tag="260" ind1=" " ind2=" ">
    <subfield code="b">Eastern Law House Private LTD</subfield>
    <subfield code="c">2014</subfield>
    <subfield code="a">Kolkata</subfield>
  </datafield>
  <datafield tag="270" ind1=" " ind2=" ">
    <subfield code="a">54 Ganesh Chunder Avenue Kolkata</subfield>
  </datafield>
  <datafield tag="300" ind1=" " ind2=" ">
    <subfield code="a">870p.</subfield>
    <subfield code="c">24cm(hb)</subfield>
  </datafield>
  <datafield tag="942" ind1=" " ind2=" ">
    <subfield code="2">ddc</subfield>
    <subfield code="c">EN</subfield>
    <subfield code="h">346.043</subfield>
    <subfield code="m">DAS</subfield>
    <subfield code="e">Seventh</subfield>
  </datafield>
  <datafield tag="999" ind1=" " ind2=" ">
    <subfield code="c">203191</subfield>
    <subfield code="d">203191</subfield>
  </datafield>
  <datafield tag="952" ind1=" " ind2=" ">
    <subfield code="0">0</subfield>
    <subfield code="1">0</subfield>
    <subfield code="4">0</subfield>
    <subfield code="7">1</subfield>
    <subfield code="8">REF</subfield>
    <subfield code="a">AV</subfield>
    <subfield code="b">AV</subfield>
    <subfield code="d">2024-05-22</subfield>
    <subfield code="e">DBAD</subfield>
    <subfield code="g">1500.00</subfield>
    <subfield code="l">0</subfield>
    <subfield code="o">346.043 DAS</subfield>
    <subfield code="p">EN-124027</subfield>
    <subfield code="r">2024-05-22 00:00:00</subfield>
    <subfield code="t">1</subfield>
    <subfield code="v">1500.00</subfield>
    <subfield code="w">2024-05-22</subfield>
    <subfield code="y">EN</subfield>
  </datafield>
</record>
